| 000 | 00397pab a2200157 454500 | ||
|---|---|---|---|
| 008 | 180718b1985 xxu||||| |||| 00| 0 eng d | ||
| 100 | _aKrishna, K.P. | ||
| 245 | _aPersonal and familial antecedents of female offenders | ||
| 260 | _c1985 | ||
| 300 | _a37-42 | ||
| 362 | _aJune | ||
| 650 | _aJuvenile Delinquency - India | ||
| 700 | _aB.V. Trivedi | ||
| 773 | _aSocial Change | ||
| 909 | _a11622 | ||
| 999 |
_c11622 _d11622 |
||